Statistics for Word Chain - Turkey

Click here to take the quiz!

General Stats

  • This quiz has been taken 151 times
  • The average score is 14 of 20

Answer Stats

HintAnswer% Correct
City straddling Europe and AsiaIstanbul
99%
Capital cityAnkara
96%
Military alliance Turkey joined in 1952NATO
91%
Orhan Pamuk won one of these prizes in 2006Nobel
90%
Former church and mosque: _____ SophiaHagia
90%
Currency of TurkeyLira
89%
Bordering sea to the westAegean
86%
City that was destroyed by Greeks in "The Iliad"Troy
82%
Language spoken in northeastern parts of the countryKurdish
82%
Historical trading "road" that had its western end in AntiochSilk
82%
Turkish volcano, where some say Noah's ark landedArarat
80%
Father of the modern Republic of TurkeyAtatürk
79%
Peninsula on which most of Turkey sitsAnatolia
72%
One of the Mesopotamian rivers that originate in TurkeyEuphrates
68%
Turkish peninsula and site of a British disaster in WWIGallipoli
64%
Group of people that wanted to modernize and democratize the Ottoman Empire
in the early 1900s: _____ Turks
Young
57%
British adventurer who helped command the Arab Revolt against the OttomansLawrence
54%
Founder of the Ottoman EmpireOsman
46%
Ancient Greek region in modern-day TurkeyIonia
20%
Ideology that was created upon the ideas of the aboveKemalism
20%

Score Distribution

Percentile by Number Answered

Percent of People with Each Score

Your Score History

You have not taken this quiz